01180naa#a2200229#i#4500001001500000005001700015011001400032100004100046101000800087102000700095200029200102210011400394215001000508608004500518675010900563700004600672700005000718700005000768700005200818700006600870856001400936RU\\bibl\7055120260512152159.2##a2073-0462##a20231002b2023####ek#y0rusy0150####ca0#aRUS##aRU1#aИССЛЕДОВАНИЕ ВЗАИМОДЕЙСТВИЯ ПОДПРУЖИНЕННОГО ЛЕМЕХА С ЧАСТИЦЕЙ ПОЧВЕННОГО ПЛАСТА ОСНОВАННОЕ НА РЕШЕНИИ УРАВНЕНИЯ ЛАГРАНЖА ВТОРОГО РОДАeЖурнальная статья1#aКазаньcКазанский государственный аграрный университетd2023##a6 с.##aЖурнальная статья2local##aМеханизация и автоматизация сельского хозяйства. 631.171zRUS#1aЮдаевgЮрий Алексеевич#1aАбрамовgЮрий Николаевич#1aИванкинаgОльга Петровна#1aУглановgМихаил Борисович#1aБайгильдееваgЕкатерина Игоревна4#azh-szf.ru